000 01028nam a22002297a 4500
999 _c19964
_d19964
003 AR-CdUCM
008 190524b ||||| |||| 00| 0 spa d
040 _aMUNICIPALIDAD PROVINCIAL DEL CUSCO
_cBIBLIOTECA MUNICIPAL DEL CUSCO
041 _heng
082 _a320.973 /
_bR84
100 _aRose, Arnold M.
_941763
245 _aLa estructura del poder :
_bEl proceso político en la sociedad norteamericana /
260 _aBuenos Aires :
_bPaidos,
_c1970.
300 _a461 páginas ;
_c23 cm.
505 _aContenido: Teorías discrepantes sobre el poder político en la sociedad norteamericana -- Elementos políticos del poder -- La influencia de la élite económica en la política y el gobierno -- El poder en la comunidad local -- Las "Masas" en la sociedad norteamericana...
650 _aSociedad norteamericana
_941764
650 _aPolítica norteamericana
_99383
650 _aGobierno norteamericano
_941765
700 _aLecón, Luis ( traductor)
_941766
942 _2ddc
_cLIBROS
945 _aAndy
_d2019-05-24